| 000 | 00507nam a2200169 i 4500 | ||
|---|---|---|---|
| 001 | 47763 | ||
| 003 | ES-MaACL | ||
| 005 | 20230906161627.0 | ||
| 007 | t| | ||
| 008 | 030522m19461954sp ||||1| spa d | ||
| 100 | 1 |
_aBlasco Ijazo, José. _929392 |
|
| 245 | 1 | 0 |
_a¡Aquí...Zaragoza!... _b: reportajes / _cJosé Blasco Ijazo. |
| 260 |
_a[Zaragoza : _bAyuntamiento], _c1946-1954 ( _fEl Noticiero) |
||
| 300 |
_a3 v. : _bil. ; _c21 cm. |
||
| 650 | 4 |
_aMonumentos- _zZaragoza. _9151224 |
|
| 852 |
_aES-MaACL _jP-1023 |
||
| 999 |
_c47763 _d47763 |
||